KRATZ, Corinne A. — The Ones That Are Wanted. Communication and the Politics of Representation in a Photographic Exhibition. Berkeley-Los Angeles, University of California Press, 2002, 307 p., ill. (notice n° 1583485)
[ vue normale ]
| 000 -LEADER | |
|---|---|
| fixed length control field | 00656cam a2200145 4500500 |
| 005 - DATE AND TIME OF LATEST TRANSACTION | |
| control field | 20251228052418.0 |
| 041 ## - LANGUAGE CODE | |
| Language code of text/sound track or separate title | fre |
| 042 ## - AUTHENTICATION CODE | |
| Authentication code | dc |
| 100 10 - MAIN ENTRY--PERSONAL NAME | |
| Personal name | Werner, Jean-François |
| Relator term | author |
| 245 00 - TITLE STATEMENT | |
| Title | KRATZ, Corinne A. — The Ones That Are Wanted. Communication and the Politics of Representation in a Photographic Exhibition. Berkeley-Los Angeles, University of California Press, 2002, 307 p., ill. |
| 260 ## - PUBLICATION, DISTRIBUTION, ETC. | |
| Date of publication, distribution, etc. | 2005.<br/> |
| 500 ## - GENERAL NOTE | |
| General note | 34 |
| 786 0# - DATA SOURCE ENTRY | |
| Note | Cahiers d'études africaines | 177 | 1 | 2005-03-01 | p. 257e-303e | 0008-0055 |
| 856 41 - ELECTRONIC LOCATION AND ACCESS | |
| Uniform Resource Identifier | <a href="https://shs.cairn.info/revue-cahiers-d-etudes-africaines-2005-1-page-257e?lang=fr&redirect-ssocas=7080">https://shs.cairn.info/revue-cahiers-d-etudes-africaines-2005-1-page-257e?lang=fr&redirect-ssocas=7080</a> |
Pas d'exemplaire disponible.




Réseaux sociaux